01245 2200205 4500001002100000005001500021035002000036008004100056245004500097100001800142250000600160260003800166300001200204084001400216082000800230650001000238520076700248990001201015990001201027INLIS00000000000134620240517074956 a0010-0524000581240517 1 ind 1 aJanji Cinta Untuk Kirana /cAnnora Putri aPutri, Annora a1 aYogyakarta :bSheila/ Andi,c2011 a196 hlm a813 ANN j a813 4aFiksi aJanji untuk terus menjaga tali persahabatan sudah mereka ikrarkan. Tapi, siapa yang bisa menyangkal datangnya cinta. Cinta justru tumbuh diam-diam di antara ketiganya. Meski awalnya tak ada yang mau mengakui perasaan masing-masing. Meski mereka berusaha untuk saling menyembunyikan perasaan. Kenyataannya, Arya dan Jiwo telah menyimpan cinta untuk Kirana. Tanpa diduga, Kirana ternyata juga memendam rasa yang sama untuk Arya. Kesederhanaan Arya justru berhasil mencuri hati Kirana. Mata dan hati Kirana tidak tersilaukan oleh gemerlap kekayaan dan ketampanan Jiwo. Lalu, akankah mereka mengabaikan janji yang sempat mereka ucapkan? Akankah rasa cinta yang akan memenangkan problema mereka? Di satu sisi, ketiganya merasa tertekan akibat rasa yang mereka pendam. a0741534 a0741535